|
|
|
|
| LEADER |
00000nam0a2200000 4500 |
| 001 |
27491 |
| 005 |
20231030202205.0 |
| 010 |
|
|
|a 5879830829
|
| 010 |
|
|
|a 966-543-049-1
|
| 035 |
|
|
|a (RuTPU)RU\TPU\book\27742
|
| 035 |
|
|
|a BOOK00027817
|
| 090 |
|
|
|a 27491
|
| 100 |
|
|
|a 20011209d2000 m y0rusy50 ca
|
| 101 |
0 |
|
|a rus
|
| 102 |
|
|
|a RU
|a UA
|
| 105 |
|
|
|a y z 001zy
|
| 200 |
1 |
|
|a Коммуникативные технологии двадцатого века
|f Г. Г. Почепцов
|
| 210 |
|
|
|a Москва
|c РЕФЛ-бук
|a Киев
|c Ваклер
|d 2000
|
| 215 |
|
|
|a 352 с.
|
| 320 |
|
|
|a Библиогр.: с. 345-348.
|
| 451 |
|
1 |
|0 (RuTPU)RU\TPU\book\13720
|y 5-87983-082-9
|t Коммуникативные технологии двадцатого века
|f Г. Г. Почепцов
|c М.
|n РЕФЛ-бук
|d 1999
|p 349 с.
|s Образовательная библиотека
|a Почепцов, Георгий Георгиевич
|
| 610 |
1 |
|
|a паблик рилейшнз
|
| 610 |
1 |
|
|a менеджмент
|
| 610 |
1 |
|
|a коммуникации
|
| 610 |
1 |
|
|a имиджмейкеры
|
| 610 |
1 |
|
|a спичрайторы
|
| 610 |
1 |
|
|a спиндокторы
|
| 610 |
1 |
|
|a реклама
|
| 610 |
1 |
|
|a избирательные технологии
|
| 610 |
1 |
|
|a коммуникативные технологии
|
| 610 |
1 |
|
|a психологические войны
|
| 610 |
1 |
|
|a информационные войны
|
| 610 |
1 |
|
|a переговорщики
|
| 610 |
1 |
|
|a кризисники
|
| 610 |
1 |
|
|a пресс-секретари
|
| 610 |
1 |
|
|a психотерапевты
|
| 610 |
1 |
|
|a связи с общественностью
|
| 675 |
|
|
|a 659.4
|v 3
|
| 700 |
|
1 |
|a Почепцов
|b Г. Г.
|g Георгий Георгиевич
|
| 801 |
|
0 |
|a RU
|b 63413507
|c 20011209
|g PSBO
|
| 801 |
|
2 |
|a RU
|b 63413507
|c 20221130
|g PSBO
|
| 900 |
|
|
|a Теория и практика связей с общественностью
|
| 900 |
|
|
|a Основы теории коммуникации
|
| 900 |
|
|
|a Психология массовой коммуникации
|
| 900 |
|
|
|a Управление репутацией предприятия в условиях кризиса
|
| 900 |
|
|
|a Речевая коммуникация
|
| 942 |
|
|
|c BK
|